000 00528nam a2200193Ia 4500
008 230125s9999 xx 000 0 und d
020 _a1-84112-361-7
041 _aeng
082 _a658
_bFOR
100 _aForsyth P
245 _aNegotiating
260 _c2002
_bCapstone publication
_aLondon
300 _a114p
440 _aEssential Management Thinking At Your Fingertips Series
_9107434
500 _aNegotiation;Series Book;Leading Series Book
700 _aForsyth P
906 _b24
999 _c88636
_d88636